|
|
|
|
| LEADER |
00682naa a2200169 i 4500 |
| 001 |
misc3022 |
| 005 |
20200430141314.0 |
| 008 |
170607s1913 hu o 0|| hun d |
| 040 |
|
|
|a SZTE Miscellanea Repozitórium
|b hun
|
| 041 |
|
|
|a hun
|
| 100 |
1 |
|
|a Szeremlei Samu
|
| 245 |
1 |
0 |
|a 24. Az egyházak és iskolák állapota általában
|h [elektronikus dokumentum] /
|c Szeremlei Samu
|
| 260 |
|
|
|c 1913
|
| 300 |
|
|
|a 621-632
|
| 490 |
0 |
|
|a Hód-Mező-Vásárhely története : a hon ezer éves fennállása emlékezetére
|v 5
|
| 695 |
|
|
|a Károlyi család, Hódmezővásárhely művelődéstörténet, Iskolatörténet
|
| 856 |
4 |
0 |
|u http://misc.bibl.u-szeged.hu/3022/1/hod_005_621-632.pdf
|z Dokumentum-elérés
|